000 00700nam a2200229Ii 4500
003 JO-AjNU
008 230605s9999||||xx |||||||||||||| ||und||
017 _a2004/8/1957
020 _a9957-11-564-2
040 _aJO-AjNU
_bara
_erda
_cJO-AjNU
041 _aara
050 1 4 _aLC3965.A43 2008
100 3 _aالظاهر،أحمد قحطان,
_eauthor
_926198
245 0 0 _aمدخل إلى التربية الخاصة
250 _aط2
264 3 1 _aعمان:دار وائل،2008
300 _a475ص
336 _atext
_btxt
_2rdacontent
337 _aunmediated
_bn
_2rdamedia
338 _avolume
_bnc
_2rdacarrier
650 4 _aالتعليم الخاص-التعليم-التربية
_926199
999 _aA9897
_c13465
_d13465